000 00302nam a22001337a 4500
008 171019b xxu||||| |||| 00| 0 eng d
020 _a0137384777
041 _aeng
080 _24 ED
_a338
100 _a53
101 _aMEN
245 _aPUBLIC RELATIONS PRACTICES
_cCENTER.A.H
942 _2udc
_cBK
999 _c34986
_d34986